Estados hipertensivos del embarazo (Registro nro. 1465)
[ vista simple ]
| 000 -LEADER | |
|---|---|
| fixed length control field | 00779nam a2200229 a 4500 |
| 003 - CONTROL NUMBER IDENTIFIER | |
| control field | OSt |
| 005 - FECHA ULTIMA MODIFICACION | |
| control field | 20130528133959.0 |
| 008 - FIXED-LENGTH DATA ELEMENTS--GENERAL INFORMATION | |
| fixed length control field | 130527s1995 ag ||||| |||| 00| 0 spa d |
| 040 ## - CATALOGING SOURCE | |
| Transcribing agency | Biblioteca Medicina |
| 041 ## - LANGUAGE CODE | |
| Language code of text/sound track or separate title | spa |
| 082 ## - DEWEY DECIMAL CLASSIFICATION NUMBER | |
| Classification number | OMS CLAP 1317 |
| 100 1# - MAIN ENTRY--PERSONAL NAME | |
| Personal name | Edgar Cobo |
| 9 (RLIN) | 2366 |
| 245 00 - TITLE STATEMENT | |
| Title | Estados hipertensivos del embarazo |
| 250 ## - EDITION STATEMENT | |
| Edition statement | 1° ed. |
| 260 ## - PUBLICATION, DISTRIBUTION, ETC. (IMPRINT) | |
| Place of publication, distribution, etc | Cali |
| Name of publisher, distributor, etc | Centro Latinoamericano de Perinatologia y Desarrollo Humano; |
| -- | OPS; |
| -- | OMS; |
| -- | OMS; |
| Date of publication, distribution, etc | Programa Especial de Salud materno-Infantil y Poblacion |
| 300 ## - PHYSICAL DESCRIPTION | |
| Extent | 92 p. |
| 653 ## - INDEX TERM--UNCONTROLLED | |
| Uncontrolled term | COMPLICACIONES DEL EMBARAZO |
| 653 ## - INDEX TERM--UNCONTROLLED | |
| Uncontrolled term | HIPERTENSION Y EMBARAZO |
| 653 ## - INDEX TERM--UNCONTROLLED | |
| Uncontrolled term | OBSTETRICIA |
| 942 ## - ADDED ENTRY ELEMENTS (KOHA) | |
| Source of classification or shelving scheme | Dewey Decimal Classification |
| Koha item type | Hemeroteca |
| Withdrawn status | Lost status | Fuente de clasificación | Damaged status | Not for loan | Colección | Ubicación permanente | Ubicación actual | Sala de ubicación | Fecha de adquisición | Total Checkouts | Número de clasificación | Código de barras | Date last seen | Número de ejemplar | Price effective from | Koha tipo de elemento (item) |
|---|---|---|---|---|---|---|---|---|---|---|---|---|---|---|---|---|
| Dewey Decimal Classification | Non-fiction | Biblioteca Medicina | Biblioteca Medicina | Circulación | 28/05/2013 | OMS CLAP 1317 | H0005 | 06/11/2014 | Ej. 1 | 28/05/2013 | Hemeroteca |